Intermediate Accounting Volume 2 (Record no. 2693)

MARC details
005 - DATE AND TIME OF LATEST TRANSACTION
control field 20250527072355.0
020 ## - INTERNATIONAL STANDARD BOOK NUMBER
International Standard Book Number 0-471-64095-6
082 ## - DEWEY DECIMAL CLASSIFICATION NUMBER
Classification number LECT 657.044 KIE
100 ## - MAIN ENTRY--PERSONAL NAME
Author name KIESO, D. E.
245 ## - TITLE STATEMENT
Title Intermediate Accounting Volume 2
250 ## - EDITION STATEMENT
Edition statement 4th Ed.
260 ## - PUBLICATION, DISTRIBUTION, ETC.
Place of publication, distribution, etc. Toronto,
Name of publisher, distributor, etc. John Wiley & Sons,
Date of publication, distribution, etc. 1994.
300 ## - PHYSICAL DESCRIPTION
Extent xxiv, 1375p.: ill.; table.
Other physical details Index.
Dimensions 26cm.
700 ## - ADDED ENTRY--PERSONAL NAME
Other authors/Editors WEYGANDT, J. J.
942 ## - ADDED ENTRY ELEMENTS (KOHA)
Source of classification or shelving scheme Dewey Decimal Classification
Koha item type Books
Holdings
Date last seen Total checkouts Full call number Barcode Cost, replacement price Price effective from Koha item type Lost status Source of classification or shelving scheme Damaged status Not for loan Withdrawn status Home library Current library Shelving location Date acquired Cost, normal purchase price
05/27/2025   LECT 657.044 KIE 00000010147 150000.00 05/27/2025 Books   Dewey Decimal Classification       College of Business Education Main Library College of Business Education Main Library General Collection 11/28/2014 50000.00